[Event "SenWM Bad Zwischenahn"]
[Site "?"]
[Date "2008.??.??"]
[Round "?"]
[White "Suba, Mihai"]
[Black "Klempt, Guenter"]
[Result "1-0"]
[WhiteElo "2530"]
[BlackElo "2065"]
[PlyCount "85"]
[EventDate "2008.??.??"]

1. c4 g6 2. d4 Bg7 3. e4 d6 4. Nc3 Nf6 5. Nf3 O-O 6. Be2 c5 7. O-O cxd4 8. Nxd4
Nc6 9. Be3 Ng4 10. Bxg4 Bxg4 11. Qd2 Rc8 12. b3 a6 13. Rac1 Bd7 14. Rfd1 Re8
15. Nd5 Nxd4 16. Bxd4 Bxd4 17. Qxd4 Be6 18. Ne3 Qa5 19. f4 Qc5 20. Qxc5 Rxc5
21. b4 Rcc8 22. f5 Bd7 23. Rc3 Bc6 24. Rd4 b5 25. Kf2 Kf8 26. g4 bxc4 27. Rdxc4
Bb7 28. fxg6 fxg6 29. g5 Kf7 30. Rxc8 Rxc8 31. Rxc8 Bxc8 32. Nd5 Bb7 33. Ke3
Ke6 34. Kd4 Kd7 35. a4 Bc6 36. Nc3 e6 37. e5 Bf3 38. exd6 Kxd6 39. Ne4+ Bxe4
40. Kxe4 e5 41. h4 Ke6 42. b5 axb5 43. axb5 1-0

[Event "SenWM Bad Zwischenahn"]
[Site "?"]
[Date "2008.??.??"]
[Round "?"]
[White "Wissinger, Peter"]
[Black "Cebalo, Miso"]
[Result "1/2-1/2"]
[WhiteElo "2065"]
[BlackElo "2490"]
[PlyCount "92"]
[EventDate "2008.??.??"]

1. Nf3 c5 2. g3 Nc6 3. Bg2 g6 4. O-O Bg7 5. d3 d6 6. e4 Nf6 7. c3 O-O 8. Nbd2
Qc7 9. a4 a6 10. Nc4 Rb8 11. Ne3 e6 12. Bd2 b5 13. Qc2 Bb7 14. Ng5 h6 15. Nh3
Ne5 16. f4 Neg4 17. Nf2 Nxe3 18. Bxe3 Bc6 19. axb5 axb5 20. Qd2 Kh7 21. d4 Bb7
22. g4 Rfd8 23. g5 hxg5 24. fxg5 Nh5 25. Ng4 cxd4 26. cxd4 Rh8 27. Rf2 Rbf8 28.
Raf1 Kg8 29. Rc1 Qd8 30. Rd1 Qa8 31. d5 e5 32. Qb4 Qc8 33. h3 Qd7 34. Rc1 f5
35. gxf6 Nxf6 36. Nxf6+ Bxf6 37. Qd2 Kg7 38. Bb6 Bd8 39. Qe3 Rxf2 40. Qxf2 Rf8
41. Qe3 Rf7 42. Bxd8 Qxd8 43. b4 Rf4 44. Rc3 Rf7 45. Rc2 Rf4 46. Rc3 Rf7
1/2-1/2

[Event "SenWM Bad Zwischenahn"]
[Site "?"]
[Date "2008.??.??"]
[Round "?"]
[White "Potthammel, Jörg"]
[Black "Jansa, Vlastimil"]
[Result "0-1"]
[WhiteElo "2060"]
[BlackElo "2475"]
[PlyCount "38"]
[EventDate "2008.??.??"]

1. e4 c5 2. Nf3 e6 3. c3 Nf6 4. e5 Nd5 5. d4 cxd4 6. Qxd4 Nc6 7. Qe4 b6 8. Bg5
Qc7 9. Nbd2 Bb7 10. Bh4 Nde7 11. Bg3 Nf5 12. Bf4 Be7 13. Be2 g5 14. Bg3 h5 15.
h3 Nb4 16. Qb1 Nxg3 17. fxg3 Nd5 18. Qd3 O-O-O 19. Qc4 Bc5 0-1

[Event "SenWM Bad Zwischenahn"]
[Site "?"]
[Date "2008.??.??"]
[Round "?"]
[White "Podgayets, Mykhaylo"]
[Black "Riek, Wolfgang"]
[Result "1-0"]
[WhiteElo "2465"]
[BlackElo "2060"]
[PlyCount "61"]
[EventDate "2008.??.??"]

1. d4 d5 2. c4 e6 3. Nf3 c6 4. e3 Bd6 5. Bd3 Nf6 6. O-O O-O 7. Nc3 Nbd7 8. e4
dxe4 9. Nxe4 Nxe4 10. Bxe4 Nf6 11. Bc2 b6 12. Bg5 Be7 13. Qe2 Bb7 14. Rad1 Nd7
15. Qe4 g6 16. Qh4 Bxg5 17. Nxg5 Nf6 18. Rd3 Kg7 19. Rh3 h5 20. Rg3 Qe8 21. Re1
Bc8 22. Qf4 Bd7 23. Nf3 Qb8 24. Ne5 Be8 25. Qg5 Qd8 26. Bxg6 fxg6 27. Nxg6 Ng4
28. Ne7+ Kh7 29. Rxg4 hxg4 30. Rxe6 Qxe7 31. Rh6# 1-0

[Event "SenWM Bad Zwischenahn"]
[Site "?"]
[Date "2008.??.??"]
[Round "?"]
[White "Perk, Egbert"]
[Black "Butnorius, Algimantas"]
[Result "0-1"]
[WhiteElo "2060"]
[BlackElo "2435"]
[PlyCount "45"]
[EventDate "2008.??.??"]

1. d4 Nf6 2. e3 g6 3. c4 Bg7 4. Nc3 O-O 5. Be2 c5 6. Nf3 d5 7. cxd5 Nxd5 8. O-O
Nc6 9. a3 cxd4 10. exd4 Be6 11. Na4 b6 12. Bb5 Rc8 13. h3 Qd6 14. Bxc6 Rxc6 15.
Bd2 Rd8 16. Nc3 Nxc3 17. bxc3 Bd5 18. Re1 Bxf3 19. Qxf3 e6 20. Re2 Qd5 21. Qxd5
Rxd5 22. Rae1 Rc4 23. Rb1 {time} 0-1

[Event "SenWM Bad Zwischenahn"]
[Site "?"]
[Date "2008.??.??"]
[Round "?"]
[White "Danner, Georg"]
[Black "Milnes, Antony"]
[Result "1-0"]
[WhiteElo "2435"]
[BlackElo "2055"]
[PlyCount "43"]
[EventDate "2008.??.??"]

1. d4 f5 2. g3 Nf6 3. Bg2 g6 4. c4 Bg7 5. Nc3 d6 6. d5 O-O 7. Nh3 Qe8 8. Nf4
Na6 9. h4 Bd7 10. h5 c6 11. hxg6 hxg6 12. e4 Nc7 13. Be3 Ng4 14. Qe2 c5 15.
exf5 Bxf5 16. Bh3 Nxe3 17. fxe3 Qf7 18. Qh2 Bxh3 19. Qxh3 Qf5 20. Qh7+ Kf7 21.
Nxg6 Qxg6 22. O-O+ 1-0

[Event "SenWM Bad Zwischenahn"]
[Site "?"]
[Date "2008.??.??"]
[Round "?"]
[White "Masich, Vladimir"]
[Black "Tseitlin, Mark"]
[Result "0-1"]
[WhiteElo "2055"]
[BlackElo "2435"]
[PlyCount "50"]
[EventDate "2008.??.??"]

1. e4 c5 2. Nf3 d6 3. Nc3 Nc6 4. d4 cxd4 5. Nxd4 Nf6 6. Be2 e5 7. Nb3 Be7 8.
O-O O-O 9. Bg5 Be6 10. Kh1 Rc8 11. f4 exf4 12. Bxf4 a6 13. a3 Re8 14. Nd4 Qb6
15. Nxe6 fxe6 16. Qd2 Ne5 17. Rab1 Qc6 18. Bxe5 dxe5 19. Bd3 b5 20. Qe2 Rf8 21.
Nd1 Nxe4 22. Re1 Nc5 23. Nf2 Nxd3 24. Nxd3 e4 25. Nf2 Bh4 0-1

[Event "SenWM Bad Zwischenahn"]
[Site "?"]
[Date "2008.??.??"]
[Round "?"]
[White "Kapengut, Albert"]
[Black "Tavcar, Rado"]
[Result "*"]
[WhiteElo "2430"]
[BlackElo "2055"]
[PlyCount "36"]
[EventDate "2008.??.??"]

1. e4 c5 2. Nf3 e6 3. d4 cxd4 4. Nxd4 Nc6 5. Nb5 d6 6. c4 Nf6 7. N1c3 Be7 8.
Be2 O-O 9. O-O a6 10. Na3 Qc7 11. Bf4 b6 12. Rc1 Ne5 13. Qd2 Bb7 14. f3 Rfd8
15. Rfd1 Rac8 16. Kh1 Qb8 17. Qc2 Bc6 18. Bf1 Qb7 *

[Event "SenWM Bad Zwischenahn"]
[Site "?"]
[Date "2008.??.??"]
[Round "?"]
[White "Giering, Gregor"]
[Black "Uhlmann, Wolfgang"]
[Result "0-1"]
[WhiteElo "2055"]
[BlackElo "2415"]
[PlyCount "42"]
[EventDate "2008.??.??"]

1. b3 d5 2. Bb2 e6 3. e3 Nf6 4. Nf3 Be7 5. Be2 O-O 6. O-O c5 7. d4 b6 8. c4 Bb7
9. Nc3 Nbd7 10. Qc2 Rc8 11. Rac1 dxc4 12. bxc4 cxd4 13. exd4 Bxf3 14. gxf3 Qc7
15. Nb5 Qf4 16. Kh1 a6 17. Ba3 Bxa3 18. Nxa3 Qxd4 19. Rcd1 Qh4 20. Qa4 Rc5 21.
Rxd7 Rh5 0-1

[Event "SenWM Bad Zwischenahn"]
[Site "?"]
[Date "2008.??.??"]
[Round "?"]
[White "Bayer, Wolfgang"]
[Black "Zakharov, Alexander"]
[Result "0-1"]
[WhiteElo "2050"]
[BlackElo "2410"]
[PlyCount "68"]
[EventDate "2008.??.??"]

1. c4 e5 2. Nc3 Nc6 3. g3 Bc5 4. Bg2 d6 5. d3 Nge7 6. e4 O-O 7. Nge2 a6 8. Be3
Nd4 9. Qd2 Bg4 10. Bxd4 exd4 11. Nd1 Bxe2 12. Kxe2 f5 13. b4 Ba7 14. Re1 fxe4
15. Bxe4 a5 16. a3 d5 17. cxd5 Nxd5 18. Bxd5+ Qxd5 19. Qa2 Qxa2+ 20. Rxa2 Bb6
21. b5 a4 22. Kf1 Rf5 23. Nb2 Rxb5 24. Nc4 Bc5 25. Re4 Rb3 26. Re5 Bf8 27. Rc2
Rxd3 28. Na5 Rxa3 29. Nxb7 d3 30. Rd2 Rb8 31. Nc5 Rb5 32. Nd7 Rb1+ 33. Kg2 Bb4
34. Rf5 h6 0-1

[Event "SenWM Bad Zwischenahn"]
[Site "?"]
[Date "2008.??.??"]
[Round "?"]
[White "Karasev, Vladimir"]
[Black "Rost van Tonningen, Otto"]
[Result "1/2-1/2"]
[WhiteElo "2410"]
[BlackElo "2050"]
[PlyCount "96"]
[EventDate "2008.??.??"]

1. Nf3 Nf6 2. c4 d6 3. d4 Nbd7 4. Nc3 c6 5. g3 e5 6. Bg2 Qc7 7. e4 Be7 8. O-O
h6 9. h3 g5 10. Be3 Nf8 11. c5 Ng6 12. cxd6 Bxd6 13. Rc1 Qe7 14. dxe5 Nxe5 15.
Nxe5 Bxe5 16. f4 gxf4 17. gxf4 Bxc3 18. Rxc3 Nxe4 19. Qd4 Rg8 20. f5 Nxc3 21.
bxc3 f6 22. Rf4 Bxf5 23. Rxf5 Rd8 24. Qf4 Rd3 25. Bf2 Rd1+ 26. Kh2 Qd6 27. Rxf6
Qxf4+ 28. Rxf4 Rd2 29. a4 Rc2 30. c4 Kd7 31. Be4 Ra2 32. c5 Ke6 33. Bg2 Rg5 34.
h4 Re5 35. Bh3+ Ke7 36. Kg3 Ra3+ 37. Kg2 Ra2 38. Kg1 Ra1+ 39. Bf1 Re6 40. Bd4
Ra2 41. h5 Ke8 42. Bc3 Re3 43. Bc4 Rc2 44. Bf7+ Kd7 45. Bb4 Rg3+ 46. Kf1 Rh3
47. Kg1 Rg3+ 48. Kf1 Rh3 1/2-1/2

[Event "SenWM Bad Zwischenahn"]
[Site "?"]
[Date "2008.??.??"]
[Round "?"]
[White "Bondar, Leonid"]
[Black "Klovans, Janis"]
[Result "0-1"]
[WhiteElo "2045"]
[BlackElo "2410"]
[PlyCount "96"]
[EventDate "2008.??.??"]

1. e4 c5 2. Nf3 e6 3. d4 cxd4 4. Nxd4 Nf6 5. Bd3 Nc6 6. Be3 a6 7. Nd2 d5 8.
exd5 Nxd5 9. Nxc6 bxc6 10. Be4 Bb7 11. Qf3 Qc7 12. c4 Nxe3 13. Qxe3 Bd6 14. g3
O-O 15. c5 Be7 16. O-O Rfd8 17. Nc4 a5 18. Nb6 Rab8 19. Rfd1 Bf6 20. Rd2 Ba6
21. Rc1 g6 22. b3 Kg7 23. Rcd1 Rxd2 24. Rxd2 Qe5 25. h4 Be7 26. Nd7 Qa1+ 27.
Kh2 Rc8 28. Nb6 Rc7 29. Nd7 Bc8 30. Nb6 Qe5 31. Na4 f5 32. Bf3 Qxe3 33. fxe3 e5
34. Rc2 Ba6 35. Nb6 e4 36. Bd1 Bd3 37. Rc1 Bf6 38. Na4 Rd7 39. Nb6 Rd8 40. Bc2
Be2 41. Bb1 Bb5 42. Nc4 Bxc4 43. Rxc4 Rd2+ 44. Kh3 Re2 45. a3 Rxe3 46. b4 Be5
47. Kg2 Rxg3+ 48. Kf1 Rxa3 0-1

[Event "SenWM Bad Zwischenahn"]
[Site "?"]
[Date "2008.??.??"]
[Round "?"]
[White "Khanukov, Boris"]
[Black "Diskin, Semen"]
[Result "1-0"]
[WhiteElo "2395"]
[BlackElo "2045"]
[PlyCount "109"]
[EventDate "2008.??.??"]

1. d4 d6 2. Nf3 g6 3. c4 Bg7 4. Nc3 Nd7 5. e4 e5 6. Be2 exd4 7. Nxd4 Ngf6 8.
O-O O-O 9. Be3 Re8 10. f3 a5 11. Ndb5 Ne5 12. c5 Bf8 13. Bg5 Be7 14. Bxf6 Bxf6
15. cxd6 cxd6 16. Qxd6 Be6 17. Qxd8 Rexd8 18. Nc7 Rac8 19. N7d5 Bxd5 20. Nxd5
Kg7 21. Rac1 Nc6 22. Nxf6 Kxf6 23. Rfd1 Rxd1+ 24. Bxd1 Rd8 25. Ba4 Nd4 26. Kf2
b5 27. Bd1 Ne6 28. Ke3 a4 29. Be2 Rb8 30. f4 h5 31. Rc6 Ke7 32. g3 Kd7 33. Rc1
Rb7 34. Rd1+ Ke7 35. Rd5 Nc7 36. Rc5 Kd6 37. Rc2 Na6 38. e5+ Ke7 39. a3 Nc7 40.
Bf3 Ra7 41. Rc5 Kd8 42. Bd5 Ra6 43. Bxf7 Rb6 44. h3 b4 45. g4 bxa3 46. bxa3
hxg4 47. hxg4 Nb5 48. Bxg6 Nxa3 49. Bd3 Rb3 50. Ke4 Nb1 51. Bxb1 Rxb1 52. Ra5
Ra1 53. Kf5 a3 54. g5 a2 55. g6 1-0

[Event "SenWM Bad Zwischenahn"]
[Site "?"]
[Date "2008.??.??"]
[Round "?"]
[White "Gudat, Alfons"]
[Black "Kuindzhy, Alexander"]
[Result "*"]
[WhiteElo "2045"]
[BlackElo "2395"]
[PlyCount "53"]
[EventDate "2008.??.??"]

1. e4 c5 2. Nf3 d6 3. Bb5+ Nd7 4. O-O Ngf6 5. Re1 g6 6. c3 Bg7 7. d4 a6 8. Bf1
O-O 9. a4 b6 10. d5 Ne8 11. Bg5 h6 12. Bh4 Ne5 13. Nbd2 Qc7 14. Nxe5 dxe5 15.
f3 Rb8 16. b4 Nd6 17. Bf2 e6 18. Rc1 exd5 19. exd5 c4 20. Ne4 Rd8 21. Qe2 b5
22. a5 f5 23. Nxd6 Rxd6 24. Bb6 Qf7 25. Red1 Rxd5 26. Rxd5 Qxd5 27. Rd1 *

[Event "SenWM Bad Zwischenahn"]
[Site "?"]
[Date "2008.??.??"]
[Round "?"]
[White "Kaufman, Larry C"]
[Black "Titz, Herbert"]
[Result "1-0"]
[WhiteElo "2390"]
[BlackElo "2040"]
[PlyCount "79"]
[EventDate "2008.??.??"]

1. d4 Nf6 2. c4 c5 3. d5 b5 4. cxb5 a6 5. b6 Qxb6 6. Nc3 d6 7. Nf3 g6 8. Nd2
Bg7 9. e4 Nbd7 10. Bd3 O-O 11. O-O Qc7 12. Re1 Bb7 13. Bf1 Rfe8 14. f4 e6 15.
dxe6 Rxe6 16. f5 Re7 17. fxg6 hxg6 18. Nc4 Re6 19. Bf4 Bf8 20. g3 Nb6 21. Nd2
Nh5 22. Bh3 Nxf4 23. gxf4 Ree8 24. Nf3 Bg7 25. Ng5 Bd4+ 26. Kf1 a5 27. Qg4 Nc4
28. Qh4 Bg7 29. Rad1 Nxb2 30. Nd5 Bxd5 31. Rxd5 Nc4 32. e5 Qb7 33. Bg2 Qa6 34.
Kg1 Rad8 35. e6 fxe6 36. Qh7+ Kf8 37. Nxe6+ Rxe6 38. Rxe6 Qa7 39. Qxg6 Qb8 40.
Rf5+ 1-0

[Event "SenWM Bad Zwischenahn"]
[Site "?"]
[Date "2008.??.??"]
[Round "?"]
[White "Kühn, Peter"]
[Black "Malisov, Boris"]
[Result "0-1"]
[WhiteElo "2040"]
[BlackElo "2390"]
[PlyCount "82"]
[EventDate "2008.??.??"]

1. e4 c6 2. d4 d5 3. Nc3 g6 4. Nf3 Bg7 5. Be3 Nh6 6. h3 f6 7. Qd2 Nf7 8. O-O-O
a5 9. exd5 cxd5 10. Bb5+ Nc6 11. Kb1 O-O 12. Qe2 Qd6 13. g4 Na7 14. Ba4 e6 15.
h4 b5 16. Nxb5 Ba6 17. Nxd6 Bxe2 18. Nxf7 Bxf3 19. Nh6+ Kh8 20. Rdg1 Bxh1 21.
Rxh1 f5 22. gxf5 gxf5 23. Bg5 Bxd4 24. Bd7 Rab8 25. b3 Nb5 26. Bxe6 Rbe8 27.
Nf7+ Kg7 28. Bh6+ Kf6 29. Bxf8 Nc3+ 30. Kc1 Rxe6 31. Ng5 Re2 32. Nf3 Nxa2+ 33.
Kd1 Nc3+ 34. Kc1 Bxf2 35. Bh6 Be3+ 36. Bxe3 Rxe3 37. Rf1 Ne4 38. Nd4 f4 39. Nc6
Kf5 40. Nd4+ Kg4 41. Rg1+ Ng3 0-1

[Event "SenWM Bad Zwischenahn"]
[Site "?"]
[Date "2008.??.??"]
[Round "?"]
[White "Bogdanov, Valentin"]
[Black "Gustavsson, Sture"]
[Result "1-0"]
[WhiteElo "2380"]
[BlackElo "2040"]
[PlyCount "77"]
[EventDate "2008.??.??"]

1. d4 Nf6 2. Nf3 g6 3. c4 Bg7 4. Nc3 d6 5. e4 O-O 6. h3 e5 7. d5 a5 8. Bg5 Na6
9. Be2 Nc5 10. Nd2 Bd7 11. Nb3 b6 12. Nxc5 bxc5 13. Qd2 a4 14. O-O Qe8 15. Bxf6
Bxf6 16. Bg4 Bxg4 17. hxg4 Qd7 18. Qe2 Kg7 19. g3 h5 20. f3 Rh8 21. Kg2 h4 22.
gxh4 Rxh4 23. Rh1 Rah8 24. Rxh4 Rxh4 25. Rh1 Rxh1 26. Kxh1 Bg5 27. Kg2 Bf4 28.
Kf1 Qe8 29. Ke1 Qh8 30. Kd1 Qh1+ 31. Kc2 Qc1+ 32. Kd3 a3 33. bxa3 Qxa3 34. Qc2
Kf6 35. Qb1 Kg5 36. Qc2 Kh4 37. Qf2+ Bg3 38. Qg2 Qc1 39. Qxg3+ 1-0

[Event "SenWM Bad Zwischenahn"]
[Site "?"]
[Date "2008.??.??"]
[Round "?"]
[White "Bernhöft, Erhard"]
[Black "Rotstein, Efim"]
[Result "0-1"]
[WhiteElo "2035"]
[BlackElo "2380"]
[PlyCount "108"]
[EventDate "2008.??.??"]

1. Nf3 c5 2. c4 Nf6 3. Nc3 e6 4. d4 cxd4 5. Nxd4 a6 6. e3 Qc7 7. Be2 b6 8. O-O
Bb7 9. Qb3 d6 10. Bd2 Be7 11. Qa4+ Nbd7 12. b4 O-O 13. Rac1 Rfc8 14. Qb3 Bf8
15. Rfd1 Ne5 16. Na4 Ne4 17. Be1 b5 18. Nb2 bxc4 19. Bxc4 Nxc4 20. Rxc4 Qd7 21.
Rcc1 e5 22. Ne2 Rxc1 23. Rxc1 Rc8 24. Rxc8 Qxc8 25. a3 Qc6 26. f3 Nf6 27. Qc4
Qb6 28. Bf2 d5 29. Qc2 g6 30. Qc3 Nd7 31. Na4 Qb5 32. Qc2 Bg7 33. Nac3 Qc4 34.
Qa4 Bc6 35. Qa5 Bf6 36. Qc7 e4 37. Be1 exf3 38. gxf3 d4 39. exd4 Bxd4+ 40. Kf1
Be5 41. Qc8+ Kg7 42. Ne4 Nb6 43. Qg4 Bb5 44. N4g3 Qxg4 45. fxg4 Bb2 46. Ne4 Nd5
47. Bd2 Bxa3 48. Nd6 Bxb4 49. Bxb4 Bxe2+ 50. Kxe2 Nxb4 51. Kd2 Kf6 52. Kc3 Nc6
53. h3 h6 54. Ne4+ Ke5 0-1

[Event "SenWM Bad Zwischenahn"]
[Site "?"]
[Date "2008.??.??"]
[Round "?"]
[White "Rosenhauer, Horst"]
[Black "Viner, Phillip"]
[Result "1-0"]
[WhiteElo "1660"]
[BlackElo "2125"]
[PlyCount "199"]
[EventDate "2008.??.??"]

1. e4 e5 2. Nf3 Nc6 3. Bb5 Nf6 4. O-O d6 5. d4 Bd7 6. Nc3 Be7 7. Re1 exd4 8.
Nxd4 O-O 9. Nxc6 bxc6 10. Ba4 Re8 11. Bf4 Ng4 12. h3 Ne5 13. Bxe5 dxe5 14. Qh5
Bc5 15. Rad1 Re6 16. Re2 Qe7 17. Red2 Rd6 18. Bb3 Be8 19. Na4 Bb6 20. Nxb6 axb6
21. Qe2 Rad8 22. Rxd6 Rxd6 23. Rxd6 Qxd6 24. c3 Kf8 25. Kh2 c5 26. Qd1 Ke7 27.
Qxd6+ Kxd6 28. Kg3 f6 29. Kf3 Bc6 30. Ke3 f5 31. f3 f4+ 32. Kf2 g5 33. g3 Bb5
34. h4 gxh4 35. gxf4 exf4 36. Kg2 Be2 37. Bg8 h6 38. Bf7 h3+ 39. Kxh3 Bxf3 40.
Bg6 Ke5 41. b4 cxb4 42. cxb4 b5 43. Be8 Be2 44. Bc6 Bc4 45. a3 Bd3 46. Kg4 Be2+
47. Kh3 Kd6 48. Be8 Bd3 49. Kg4 Ke5 50. Bc6 h5+ 51. Kf3 Bc2 52. Bd5 Bd1+ 53.
Kf2 Kd6 54. Bf7 h4 55. Be8 c6 56. e5+ Kxe5 57. Bxc6 Ba4 58. Kg2 Kf5 59. Kh3 Ke5
60. Kxh4 Kd4 61. Kh3 Ke3 62. Kg2 Ke2 63. Bf3+ Ke1 64. Bc6 Bd1 65. Bd5 Be2 66.
Be4 Bg4 67. Bc6 Be2 68. Be4 Bh5 69. Bc6 Bg4 70. Be4 Ke2 71. Bc6 Ke3 72. Bxb5
f3+ 73. Kg3 Bf5 74. Bf1 Bc2 75. b5 Be4 76. a4 Kd4 77. a5 Kc5 78. Kf4 Ba8 79.
Ke3 Kb4 80. a6 Ka5 81. Kd4 Kb6 82. Ke5 Kc5 83. Ke6 Kb6 84. Kd6 Be4 85. Ke5 Ba8
86. Kd4 Kc7 87. Kc5 Be4 88. b6+ Kb8 89. Kd4 Bc6 90. Ke3 Bd5 91. Bb5 Ba8 92. Kd4
Kc8 93. Ke5 Kb8 94. Bd3 Bc6 95. Kd6 Ba8 96. Kd7 Bd5 97. Bb5 f2 98. Bf1 Bf3 99.
Kd6 Kc8 100. Ke5 1-0

[Event "SenWM Damen Bad Zwischenahn"]
[Site "?"]
[Date "2008.??.??"]
[Round "?"]
[White "Dragasevic, Antonina"]
[Black "Saunina, Ludmilla"]
[Result "1/2-1/2"]
[WhiteElo "2160"]
[BlackElo "2295"]
[PlyCount "108"]
[EventDate "2008.??.??"]

1. d4 Nf6 2. Nf3 e6 3. e3 b6 4. Bd3 Bb7 5. O-O d5 6. b3 Bd6 7. Bb2 O-O 8. Nbd2
Nbd7 9. Ne5 c5 10. f4 Ne4 11. Rf3 f6 12. Nxd7 Qxd7 13. Rh3 Qf7 14. c4 Rad8 15.
Qc2 f5 16. cxd5 exd5 17. Nf3 Qe7 18. Ne5 Bxe5 19. dxe5 Qe6 20. Qe2 Qg6 21. Rf1
Bc8 22. Bxe4 dxe4 23. Rg3 Qe6 24. Rd1 Ba6 25. Qe1 Bd3 26. h4 h5 27. Rg5 g6 28.
Kh2 Rd7 29. Qc3 Kh7 30. Rd2 Rfd8 31. a3 Rd5 32. Rd1 Bb5 33. Rxd5 Rxd5 34. b4
Rd3 35. Qc1 c4 36. Bc3 Ba4 37. Rg3 Bd1 38. Rg5 b5 39. Bd4 a6 40. Qb2 Ba4 41.
Rg3 Kh6 42. Rg5 c3 43. Bxc3 Rxe3 44. Bd4 Rd3 45. Bc5 Bb3 46. Qc1 Qc4 47. Qxc4
Bxc4 48. Rg3 Kg7 49. Rxd3 exd3 50. Be3 Kf7 51. Kg3 Ke6 52. Kf3 Kd5 53. g3 Bb3
54. Bc1 Bd1+ 1/2-1/2

[Event "SenWM Damen Bad Zwischenahn"]
[Site "?"]
[Date "2008.??.??"]
[Round "?"]
[White "Fatalibekova, Elena"]
[Black "Bilunova, Rimma"]
[Result "0-1"]
[WhiteElo "2280"]
[BlackElo "2150"]
[PlyCount "122"]
[EventDate "2008.??.??"]

1. e4 Nf6 2. e5 Nd5 3. d4 d6 4. Nf3 Bg4 5. Be2 e6 6. h3 Bh5 7. O-O Be7 8. c4
Nb6 9. exd6 cxd6 10. Nc3 O-O 11. b3 Nc6 12. Be3 d5 13. c5 Nd7 14. Qd2 Bxf3 15.
Bxf3 b6 16. cxb6 Qxb6 17. Na4 Qb4 18. Qxb4 Nxb4 19. Rfc1 Rfc8 20. Rc3 Rxc3 21.
Nxc3 Rc8 22. Ne2 Nb6 23. a4 a5 24. Rc1 Rc2 25. Rxc2 Nxc2 26. Bd2 Bb4 27. Bxb4
Nxb4 28. Nc3 Kf8 29. Kf1 Ke7 30. Ke2 Nc8 31. Nb5 Nd6 32. Nxd6 Kxd6 33. Kd2 f6
34. Be2 e5 35. Ke3 Nc6 36. dxe5+ fxe5 37. Bb5 Nb4 38. f3 g5 39. g3 h6 40. Be8
Kc5 41. Bd7 d4+ 42. Kd2 Nd5 43. Kd3 Nf6 44. Be6 Nh5 45. Bc4 Nxg3 46. Bf7 Nf5
47. Be6 Ne3 48. Ke4 Kd6 49. Bg8 Nd1 50. Kd3 Kc5 51. Be6 Nc3 52. Bc8 Nd5 53. Kc2
Nf4 54. Bf5 Kb4 55. Bd7 d3+ 56. Kb2 h5 57. Bf5 h4 58. Bc8 Ne2 59. Ba6 Ng1 60.
Bxd3 Nxf3 61. Bf5 Ng1 0-1

[Event "SenWM Damen Bad Zwischenahn"]
[Site "?"]
[Date "2008.??.??"]
[Round "?"]
[White "Voronova, Tatjana"]
[Black "Sorokina, Tamara"]
[Result "1/2-1/2"]
[WhiteElo "2225"]
[BlackElo "2120"]
[PlyCount "58"]
[EventDate "2008.??.??"]

1. e4 c5 2. Nf3 Nc6 3. Bb5 Na5 4. a4 a6 5. Be2 e6 6. O-O Nf6 7. e5 Nd5 8. d3 d6
9. Na3 Qc7 10. Nc4 dxe5 11. Nxa5 Qxa5 12. Nxe5 Be7 13. f4 O-O 14. g3 f6 15. Nc4
Qc7 16. a5 Bd7 17. Bf3 Nb4 18. Qe2 Rfe8 19. Re1 Bf8 20. c3 Nc6 21. Qg2 Rec8 22.
Be3 Rab8 23. Qf2 Nd8 24. f5 e5 25. Bd5+ Kh8 26. g4 Bc6 27. Be4 Bxe4 28. dxe4
Nf7 29. Qe2 Rd8 1/2-1/2

[Event "SenWM Bad Zwischenahn"]
[Site "?"]
[Date "2008.??.??"]
[Round "?"]
[White "Titz, Heimo"]
[Black "Suba, Mihai"]
[Result "1/2-1/2"]
[WhiteElo "2200"]
[BlackElo "2530"]
[PlyCount "145"]
[EventDate "2008.??.??"]

1. c4 Nf6 2. Nc3 c5 3. g3 e6 4. Nf3 b6 5. Bg2 Bb7 6. O-O d6 7. Re1 Be7 8. e4
Nbd7 9. d4 cxd4 10. Nxd4 Qc7 11. Be3 Rc8 12. h3 Qb8 13. Qe2 O-O 14. f4 Qa8 15.
Bf2 Rfe8 16. Rac1 g6 17. Kh2 Bf8 18. Nf3 Nc5 19. Nd2 Bg7 20. Nb3 a6 21. Rcd1
Qb8 22. Bd4 Bc6 23. e5 dxe5 24. Bxe5 Qb7 25. Nxc5 bxc5 26. b3 Red8 27. Na4 Bxg2
28. Qxg2 Qb4 29. Qb2 Nh5 30. Qc3 Qxc3 31. Nxc3 f6 32. Bd6 f5 33. Na4 Bd4 34.
Be5 Bf2 35. Rxd8+ Rxd8 36. Re2 Bxg3+ 37. Kg2 Bxf4 38. Nxc5 Bxe5 39. Rxe5 Rd2+
40. Kf3 Rxa2 41. Rxe6 Rh2 42. Rxa6 Rxh3+ 43. Kf2 Nf4 44. Ra7 Rc3 45. Nd7 Kg7
46. c5 Kh6 47. Nf8 Rxc5 48. Rxh7+ Kg5 49. Rh1 Rc2+ 50. Ke3 Ng2+ 51. Kd3 Rc8 52.
Nxg6 Rd8+ 53. Kc3 Re8 54. Rg1 Re2 55. Ne5 f4 56. Nd3 f3 57. b4 Kf5 58. Kd4 Re8
59. Rd1 Rd8+ 60. Kc3 Ke4 61. Nf2+ Ke3 62. Ng4+ Kf4 63. Nf2 Nh4 64. Nd3+ Kg3 65.
Rg1+ Ng2 66. Ne1 Kf2 67. Nxf3 Kxf3 68. b5 Ne3 69. Kb4 Rd2 70. b6 Ke4 71. Re1
Kd4 72. Rxe3 Kxe3 73. Kc5 1/2-1/2

[Event "SenWM Bad Zwischenahn"]
[Site "?"]
[Date "2008.??.??"]
[Round "?"]
[White "Seuss, Oswald"]
[Black "Gutman, Lev"]
[Result "0-1"]
[WhiteElo "2195"]
[BlackElo "2485"]
[PlyCount "98"]
[EventDate "2008.??.??"]

1. e4 c5 2. Nf3 d6 3. d4 cxd4 4. Nxd4 Nf6 5. Nc3 a6 6. Be3 e5 7. Nb3 Be7 8. f3
O-O 9. Qd2 Be6 10. g4 d5 11. g5 Nxe4 12. Nxe4 dxe4 13. fxe4 Qxd2+ 14. Nxd2 Nc6
15. c3 b5 16. h4 b4 17. c4 Rfd8 18. Bh3 Bxh3 19. Rxh3 Nd4 20. O-O-O Rac8 21. b3
a5 22. Nf3 Ne2+ 23. Kc2 Rxd1 24. Kxd1 Nc3+ 25. Kc2 Nxa2 26. Nxe5 Nc3 27. Bb6 a4
28. bxa4 Nxa4 29. Bd4 Nc5 30. Re3 Ne6 31. Bb2 Bd6 32. Kb3 Nc5+ 33. Kc2 Re8 34.
Nd3 Rxe4 35. Rxe4 Nxe4 36. Bc1 Bg3 37. h5 g6 38. hxg6 fxg6 39. c5 Kf7 40. Kb3
Bh4 41. c6 Ke6 42. Bf4 Bxg5 43. Bh2 Bd2 44. c7 Kd7 45. Kc4 b3 46. Kd4 Ng5 47.
Ne5+ Kc8 48. Kd3 Ba5 49. Bf4 Ne6 0-1

[Event "SenWM Bad Zwischenahn"]
[Site "?"]
[Date "2008.??.??"]
[Round "?"]
[White "Jansa, Vlastimil"]
[Black "Hartoch, Robert G"]
[Result "1-0"]
[WhiteElo "2475"]
[BlackElo "2195"]
[PlyCount "51"]
[EventDate "2008.??.??"]

1. e4 g6 2. d4 Bg7 3. Nc3 d6 4. Be3 Nf6 5. Qd2 c6 6. Bh6 Bxh6 7. Qxh6 e5 8.
O-O-O Nbd7 9. Nf3 Qe7 10. h3 a6 11. Bc4 b5 12. Bb3 Bb7 13. dxe5 dxe5 14. Ng5
Rf8 15. Nxh7 Nxh7 16. Qxh7 Qg5+ 17. Kb1 Qxg2 18. Rhg1 Qf3 19. Rxg6 O-O-O 20.
Rgd6 Nf6 21. Qh4 b4 22. Qxf6 Qxf6 23. Rxf6 bxc3 24. Rxd8+ Rxd8 25. bxc3 c5 26.
f3 1-0

[Event "SenWM Bad Zwischenahn"]
[Site "?"]
[Date "2008.??.??"]
[Round "?"]
[White "Batakovs, Olegs"]
[Black "Podgayets, Mykhaylo"]
[Result "0-1"]
[WhiteElo "2190"]
[BlackElo "2465"]
[PlyCount "68"]
[EventDate "2008.??.??"]

1. e4 c6 2. d4 d5 3. exd5 cxd5 4. c4 Nf6 5. Nc3 e6 6. Nf3 Bb4 7. cxd5 Nxd5 8.
Bd2 Nc6 9. Bb5 O-O 10. O-O Nde7 11. Ne4 Bxd2 12. Qxd2 b6 13. Rfd1 Bb7 14. Rac1
Nb4 15. Qxb4 Bxe4 16. Ne5 Ng6 17. Bc6 Bxc6 18. Nxg6 hxg6 19. Rxc6 Qd5 20. Qc4
Rfd8 21. Kf1 Qh5 22. Qe2 Qxh2 23. Qg4 Rac8 24. Rc3 Rxc3 25. bxc3 Qc7 26. Qf3
Qc4+ 27. Qd3 Qxa2 28. c4 Rc8 29. Rc1 b5 30. c5 b4 31. Qb5 Qd2 32. Qc4 b3 33. c6
b2 34. Re1 Qxe1+ 0-1

[Event "SenWM Bad Zwischenahn"]
[Site "?"]
[Date "2008.??.??"]
[Round "?"]
[White "Niebling, Ferdinand"]
[Black "Danner, Georg"]
[Result "0-1"]
[WhiteElo "2185"]
[BlackElo "2435"]
[PlyCount "176"]
[EventDate "2008.??.??"]

1. d4 f5 2. e4 fxe4 3. Nc3 Nf6 4. Bg5 Nc6 5. d5 Ne5 6. Qd4 Nf7 7. Bxf6 exf6 8.
Nxe4 f5 9. Nc3 g6 10. Nf3 Bh6 11. Be2 O-O 12. O-O c6 13. Rad1 Qb6 14. Qxb6 axb6
15. a3 Bg7 16. Nd4 Re8 17. Rfe1 Kf8 18. Kf1 Re7 19. f4 c5 20. Ndb5 d6 21. g3
Bd7 22. Rb1 h6 23. Bf3 Rxe1+ 24. Kxe1 Ra5 25. Be2 Bf6 26. Kd2 Kg7 27. Nc7 g5
28. N3b5 Ra4 29. b3 Re4 30. Bh5 Bd8 31. Bxf7 Bxc7 32. Nxc7 Kxf7 33. fxg5 hxg5
34. a4 f4 35. gxf4 Rxf4 36. Re1 Kf6 37. c4 Rh4 38. Re2 Rh3 39. Kc2 Rh8 40. Nb5
Bxb5 41. axb5 Kf5 42. Rf2+ Ke4 43. Rg2 Kf4 44. Rf2+ Ke3 45. Rg2 Rh5 46. Kd1 Kf3
47. Rc2 Rh8 48. Re2 g4 49. Ke1 Ra8 50. Rf2+ Ke3 51. Re2+ Kd3 52. Re6 Ra3 53.
Rxd6 Rxb3 54. Rxb6 Kxc4 55. d6 Rd3 56. Rxb7 Rxd6 57. Rg7 Kxb5 58. Rxg4 c4 59.
h4 c3 60. Rg8 c2 61. Rb8+ Ka4 62. Ra8+ Kb3 63. Rb8+ Ka2 64. Ra8+ Kb1 65. Rb8+
Kc1 66. Rc8 Rd4 67. h5 Re4+ 68. Kf2 Rh4 69. Rc5 Kd2 70. Kg3 Rxh5 71. Rxh5 c1=Q
72. Rd5+ Ke3 73. Re5+ Kd4 74. Rf5 Ke4 75. Rf2 Qg1+ 76. Rg2 Qe1+ 77. Kg4 Qf1 78.
Rg3 Qe2+ 79. Kg5 Ke5 80. Rg4 Qe3+ 81. Kg6 Ke6 82. Rg5 Qe4+ 83. Kg7 Ke7 84. Rg6
Qe5+ 85. Kg8 Ke8 86. Rg7 Qd5+ 87. Kh8 Kf8 88. Rg5 Qxg5 0-1